[Event "SR 3. liga A2 2012/2013"]
[Site "?"]
[Date "2013.02.10"]
[Round "8.5"]
[White "Mihalik, Anton"]
[Black "Lukac, Tomas"]
[Result "1/2-1/2"]
[WhiteElo "1953"]
[BlackElo "2011"]
[PlyCount "61"]
[EventDate "2012.??.??"]

1. c4 e5 2. Nc3 Nf6 3. g3 Nc6 4. Bg2 Bb4 5. e3 O-O 6. Nge2 Re8 7. a3 Bf8 8. b4
d6 9. O-O e4 10. Qc2 Bf5 11. Nd4 Bg6 12. Nxc6 bxc6 13. Bb2 Qd7 14. Ne2 Be7 15.
Nf4 Qf5 16. Rad1 Rab8 17. Bh3 Ng4 18. Bg2 Bf6 19. h3 Ne5 20. Bxe5 Rxe5 21. Nxg6
hxg6 22. Qa4 a5 23. Qxc6 axb4 24. Qxc7 Rc8 25. Qxd6 bxa3 26. Qxa3 Rxc4 27. d4
exd3 28. Qxd3 Qxd3 29. Rxd3 g5 30. Rfd1 Rc7 31. Kf1 1/2-1/2

[Event "SR 3. liga A2 2012/2013"]
[Site "?"]
[Date "2013.02.10"]
[Round "8.5"]
[White "Jablonicky, Martin"]
[Black "Nemsak, Denis"]
[Result "1/2-1/2"]
[WhiteElo "1827"]
[BlackElo "1873"]
[PlyCount "36"]
[EventDate "2012.??.??"]

1. e4 d5 2. exd5 Nf6 3. Bb5+ Bd7 4. Bxd7+ Qxd7 5. Nf3 Nxd5 6. d4 g6 7. O-O Bg7
8. Re1 Nc6 9. Na3 O-O-O 10. c4 Nb6 11. Be3 Bxd4 12. Bxd4 Nxd4 13. Nxd4 Qxd4 14.
Qxd4 Rxd4 15. Rxe7 Rhd8 16. g3 R8d7 17. Re8+ Rd8 18. Re7 R8d7 1/2-1/2

[Event "SR 3. liga A2 2012/2013"]
[Site "?"]
[Date "2013.02.10"]
[Round "8.5"]
[White "Slaby, Jozef"]
[Black "Lopatievov, Alexander"]
[Result "1/2-1/2"]
[WhiteElo "1890"]
[BlackElo "1937"]
[PlyCount "80"]
[EventDate "2012.??.??"]

1. d4 c6 2. c4 d5 3. e3 Nf6 4. Nf3 Nbd7 5. Nc3 Nb6 6. cxd5 Nbxd5 7. Bd3 Bg4 8.
h3 Bh5 9. a3 e6 10. Bd2 Be7 11. Rc1 O-O 12. O-O Nb6 13. Be2 c5 14. dxc5 Bxc5
15. Nb5 Ne4 16. Ba5 Qf6 17. Nfd4 Bxe2 18. Qxe2 Rfc8 19. Rc2 Bxd4 20. Nxd4 Nd5
21. Rfc1 Rxc2 22. Qxc2 Nd6 23. Qb3 b6 24. Be1 h6 25. Nf3 Qd8 26. Qd3 Qe7 27.
Ne5 Rc8 28. Rd1 Nb7 29. Nf3 Nc5 30. Qc4 Rc7 31. Qe2 Ne4 32. Rd4 f5 33. Rc4 Rxc4
34. Qxc4 Qc5 35. Qxc5 Nxc5 36. Ne5 a5 37. Kf1 Kf8 38. Ke2 Ke7 39. Bd2 Kf6 40.
Nc4 Ne4 1/2-1/2

[Event "SR 3. liga A2 2012/2013"]
[Site "?"]
[Date "2013.02.10"]
[Round "8.5"]
[White "Mackovic, Miroslav"]
[Black "Strapko, Tomas"]
[Result "1-0"]
[WhiteElo "1919"]
[BlackElo "1880"]
[PlyCount "77"]
[EventDate "2012.??.??"]

1. e4 c5 2. Nf3 Nc6 3. d4 cxd4 4. Nxd4 Nf6 5. Nc3 e5 6. Ndb5 d6 7. Bg5 a6 8.
Na3 b5 9. Bxf6 gxf6 10. Nd5 Be6 11. c3 f5 12. exf5 Bxf5 13. Nc2 Bg7 14. h4 Ne7
15. Nce3 Be6 16. a4 Nxd5 17. Nxd5 O-O 18. axb5 axb5 19. Rxa8 Qxa8 20. Nc7 Qe4+
21. Be2 Bc4 22. f3 Qc6 23. Bxc4 bxc4 24. Nd5 Qb7 25. Qd2 Rb8 26. Nb4 d5 27. O-O
e4 28. fxe4 d4 29. Nd5 Qxb2 30. Qg5 Qb7 31. Ne7+ Kf8 32. Nf5 f6 33. Nxg7 Qxg7
34. Rxf6+ Kg8 35. Qd5+ Kh8 36. Rf7 Qg6 37. Qxd4+ Kg8 38. Rf5 Rb2 39. Rg5 1-0

[Event "SR 3. liga A2 2012/2013"]
[Site "?"]
[Date "2013.02.10"]
[Round "8.5"]
[White "Curidlo, Jan"]
[Black "Mackovic, Matus"]
[Result "0-1"]
[WhiteElo "1880"]
[BlackElo "1871"]
[PlyCount "90"]
[EventDate "2012.??.??"]

1. e4 c6 2. d4 d5 3. Nd2 dxe4 4. Nxe4 Bf5 5. Ng3 Bg6 6. Nf3 Nd7 7. h4 h6 8. h5
Bh7 9. Bd3 Bxd3 10. Qxd3 Ngf6 11. Bd2 e6 12. O-O-O Be7 13. Qb3 Qb6 14. Qa4 Qc7
15. Rhe1 O-O 16. c3 Bd6 17. Ne4 Nxe4 18. Rxe4 Nf6 19. Rh4 c5 20. Kb1 a6 21. Qc2
cxd4 22. Nxd4 Nd5 23. Qe4 b5 24. Bc1 Be7 25. Rh3 Nf6 26. Qe2 b4 27. g4 bxc3 28.
Rxc3 Qb7 29. f3 Nd5 30. Rb3 Qc8 31. f4 Rb8 32. Rxb8 Qxb8 33. Qf3 Bf6 34. Nb3
Qb7 35. Rd3 Rc8 36. g5 Qc6 37. Qd1 hxg5 38. fxg5 Be5 39. g6 fxg6 40. hxg6 Bf6
41. Bd2 Qc4 42. Rg3 Qe4+ 43. Ka1 Rc2 44. Bc3 Nxc3 45. Qf1 Ne2 0-1

[Event "SR 3. liga A2 2012/2013"]
[Site "?"]
[Date "2013.02.10"]
[Round "8.5"]
[White "Bango, Lukas"]
[Black "Nedorost, Lubomir"]
[Result "1-0"]
[WhiteElo "1722"]
[BlackElo "1687"]
[PlyCount "99"]
[EventDate "2012.??.??"]

1. Nf3 Nf6 2. c4 c5 3. b3 g6 4. g3 Bg7 5. Bb2 Nc6 6. Bg2 d6 7. O-O O-O 8. d3
Rb8 9. Nc3 Ne8 10. Qd2 Be6 11. e4 Qd7 12. Ng5 Bh6 13. f4 f5 14. Nxe6 Qxe6 15.
exf5 Qxf5 16. Rae1 e5 17. Ne2 Qg4 18. Be4 Nb4 19. a3 Nc6 20. Qc2 Nf6 21. Bf3
Qh3 22. Bg2 Qd7 23. Nc3 Nd4 24. Qd1 exf4 25. gxf4 Qg4 26. Qxg4 Nxg4 27. Bd5+
Kh8 28. Ne2 Bg7 29. Nxd4 cxd4 30. Re7 Rbe8 31. Rfe1 Rxe7 32. Rxe7 h5 33. h3 Ne3
34. Rxg7 Rxf4 35. Rxg6 Rf1+ 36. Kh2 Rf2+ 37. Rg2 Nxg2 38. Bxd4+ Kh7 39. Bxf2
Nf4 40. Bxb7 Kg7 41. Be4 Kf6 42. Bxa7 Ke5 43. Bb8 Ne6 44. a4 Nc5 45. a5 Na6 46.
Bb7 Nxb8 47. a6 Nxa6 48. Bxa6 Kd4 49. b4 Kxd3 50. c5+ 1-0

[Event "SR 3. liga A2 2012/2013"]
[Site "?"]
[Date "2013.02.10"]
[Round "8.5"]
[White "Divinec, Peter"]
[Black "Capanda, Jan"]
[Result "1/2-1/2"]
[WhiteElo "1234"]
[BlackElo "1423"]
[PlyCount "47"]
[EventDate "2012.??.??"]

1. e4 Nf6 2. Nc3 d5 3. exd5 Nxd5 4. Bc4 c6 5. Qf3 e6 6. Nge2 Be7 7. Nxd5 cxd5
8. Bb3 Nc6 9. d4 Bf6 10. c3 O-O 11. O-O b5 12. a3 a5 13. Nf4 Bd7 14. Bc2 g6 15.
Nh5 Bh8 16. Bh6 Re8 17. Qf4 e5 18. Qg3 f5 19. Bg5 Qb8 20. Nf6+ Bxf6 21. Bxf6
Qd6 22. dxe5 Nxe5 23. Bxe5 Qxe5 24. Qxe5 1/2-1/2

[Event "SR 3. liga A2 2012/2013"]
[Site "?"]
[Date "2013.02.10"]
[Round "8.6"]
[White "Lukacovic, Miroslav"]
[Black "Veselsky, Jozef"]
[Result "1/2-1/2"]
[WhiteElo "1997"]
[BlackElo "2158"]
[PlyCount "103"]
[EventDate "2012.??.??"]

1. e4 c5 2. Nf3 Nc6 3. c3 Nf6 4. e5 Nd5 5. Bc4 e6 6. O-O Be7 7. d4 cxd4 8. Bxd5
exd5 9. cxd4 d6 10. h3 O-O 11. b3 Bf5 12. Nc3 dxe5 13. dxe5 d4 14. Ne2 Bc5 15.
Bb2 d3 16. Nf4 Nd4 17. Rc1 Ne2+ 18. Nxe2 dxe2 19. Qxd8 exf1=Q+ 20. Kxf1 Rfxd8
21. Rxc5 Rac8 22. Rxc8 Rxc8 23. Nd4 Bd3+ 24. Ke1 Re8 25. f4 f6 26. e6 f5 27.
Ba3 g6 28. g4 a6 29. Bc5 Be4 30. a4 Bd5 31. e7 fxg4 32. hxg4 Kf7 33. a5 Kf6 34.
g5+ Kf7 35. Kf2 h5 36. Kg3 Be4 37. b4 Rc8 38. Kh4 Rh8 39. Bd6 Ke8 40. Bc5 Kd7
41. Kg3 h4+ 42. Kh3 Bd5 43. f5 gxf5 44. g6 f4 45. g7 Rg8 46. Kxh4 Rxg7 47. Nf5
Rf7 48. e8=Q+ Kxe8 49. Nd6+ Ke7 50. Nxf7+ Kxf7 51. Kg4 f3 52. Kg3 1/2-1/2

[Event "SR 3. liga A2 2012/2013"]
[Site "?"]
[Date "2013.02.10"]
[Round "8.6"]
[White "Darazs, Zoltan"]
[Black "Jurik, Michal"]
[Result "1-0"]
[WhiteElo "2124"]
[BlackElo "1945"]
[PlyCount "79"]
[EventDate "2012.??.??"]

1. e4 c5 2. Nf3 g6 3. d4 cxd4 4. Nxd4 Nc6 5. Nc3 Bg7 6. Be3 Nf6 7. Bc4 O-O 8.
Bb3 a5 9. O-O d6 10. f3 Nd7 11. Ndb5 Nc5 12. Qd2 Nxb3 13. axb3 Nb4 14. Na4 Ra6
15. c3 Bd7 16. Nd4 Nc6 17. c4 Nxd4 18. Bxd4 Bxd4+ 19. Qxd4 Bxa4 20. Rxa4 Qb6
21. Qxb6 Rxb6 22. b4 axb4 23. b3 Rc8 24. Rfa1 Rcc6 25. Kf2 Kg7 26. Ke3 Kf6 27.
Kd4 Rc5 28. Ra7 e5+ 29. Ke3 Kg5 30. h4+ Kxh4 31. Rh1+ Kg5 32. Rxh7 Rc7 33. Ra4
Kf6 34. g3 Rc5 35. f4 exf4+ 36. gxf4 Rc7 37. Kd4 Rc5 38. e5+ Ke6 39. exd6 Kxd6
40. Rxf7 {èas} 1-0

[Event "SR 3. liga A2 2012/2013"]
[Site "?"]
[Date "2013.02.10"]
[Round "8.6"]
[White "Kolenak, Matus"]
[Black "Marosi, Csaba"]
[Result "1/2-1/2"]
[WhiteElo "1916"]
[BlackElo "1949"]
[PlyCount "63"]
[EventDate "2012.??.??"]

1. e4 c5 2. Nf3 e6 3. c4 a6 4. Nc3 Qc7 5. a3 b6 6. d4 cxd4 7. Nxd4 d6 8. Be2
Bb7 9. O-O Nd7 10. Be3 Ngf6 11. f3 Be7 12. Rc1 Rc8 13. g4 h6 14. Rf2 Qb8 15. h4
Ne5 16. g5 hxg5 17. hxg5 Nfd7 18. b3 g6 19. f4 Nc6 20. Bf3 Nxd4 21. Bxd4 Rh4
22. Be3 Bc6 23. a4 Qa8 24. Qd2 Nc5 25. Bxc5 dxc5 26. Rh2 Rxh2 27. Qxh2 Rd8 28.
Qh8+ Bf8 29. Re1 Rd3 30. Kf2 Qb8 31. Qf6 Be7 32. Qh8+ 1/2-1/2

[Event "SR 3. liga A2 2012/2013"]
[Site "?"]
[Date "2013.02.10"]
[Round "8.6"]
[White "Meszaros, Lorant"]
[Black "Hagara, Vladimir"]
[Result "1-0"]
[WhiteElo "2048"]
[BlackElo "1909"]
[PlyCount "79"]
[EventDate "2012.??.??"]

1. d4 Nf6 2. c4 d5 3. cxd5 Nxd5 4. e4 Nb6 5. Nc3 g6 6. Nf3 Bg7 7. h3 O-O 8. Be2
N8d7 9. a4 a5 10. Bf4 c6 11. O-O Nf6 12. Qc2 Be6 13. b3 Rc8 14. Rfd1 h6 15.
Rac1 Kh7 16. g4 Ng8 17. Be3 Na8 18. Bc4 Bxc4 19. bxc4 e6 20. Rb1 Qc7 21. e5 Rb8
22. Ne4 Qd8 23. Nd6 Qc7 24. h4 Ne7 25. h5 f5 26. hxg6+ Kxg6 27. Nh4+ Kh7 28.
gxf5 exf5 29. Ndxf5 Nxf5 30. Nxf5 Kh8 31. Nd6 Qd7 32. Qg6 Qh3 33. e6 Rf6 34.
Nf7+ Kg8 35. Nxh6+ Kh8 36. Nf7+ Kg8 37. Qg3 Qxg3+ 38. fxg3 Rxe6 39. Bf4 Rf8 40.
Ng5 {èas} 1-0

[Event "SR 3. liga A2 2012/2013"]
[Site "?"]
[Date "2013.02.10"]
[Round "8.6"]
[White "Babirat, Michal"]
[Black "Kalmar, Tamas"]
[Result "1-0"]
[WhiteElo "1760"]
[BlackElo "1920"]
[PlyCount "57"]
[EventDate "2012.??.??"]

1. c4 Nf6 2. Nc3 g6 3. g3 Bg7 4. Bg2 O-O 5. d4 d6 6. e4 e5 7. Nge2 Nc6 8. O-O
Re8 9. d5 Ne7 10. Bg5 h6 11. Bd2 Kh7 12. Qc2 Nfg8 13. Rae1 f5 14. f4 fxe4 15.
Bxe4 Nf5 16. fxe5 Bxe5 17. Nf4 Nf6 18. Bd3 Bd7 19. Ne4 Nxe4 20. Bxe4 Bxf4 21.
Rxf4 Rf8 22. Qd3 Ne7 23. Ref1 Rxf4 24. Rxf4 Qg8 25. Rh4 Nf5 26. Bxf5 Bxf5 27.
Bxh6 Qe8 28. Qc3 Qe5 29. Bf4+ 1-0

[Event "SR 3. liga A2 2012/2013"]
[Site "?"]
[Date "2013.02.10"]
[Round "8.6"]
[White "Szitasi, Janos"]
[Black "Benkovsky, Peter"]
[Result "1-0"]
[WhiteElo "1963"]
[BlackElo "1678"]
[PlyCount "73"]
[EventDate "2012.??.??"]

1. e4 e6 2. d4 d5 3. exd5 exd5 4. Bd3 Bd6 5. Nf3 Nf6 6. O-O O-O 7. Bg5 h6 8.
Bh4 Bg4 9. Nbd2 Nbd7 10. c3 c6 11. h3 Bh5 12. Bf5 Bf4 13. Bxd7 Bxd2 14. Bxf6
Qxd7 15. Qxd2 Bxf3 16. gxf3 Qxh3 17. Be5 Rfe8 18. Bg3 Re6 19. Rae1 Rae8 20.
Rxe6 Rxe6 21. Re1 Rxe1+ 22. Qxe1 Qe6 23. Qxe6 fxe6 24. Be5 Kf7 25. Kg2 g5 26.
Kg3 Kg6 27. f4 Kf5 28. fxg5 hxg5 29. f3 b6 30. Bb8 a6 31. Bc7 b5 32. a3 Kg6 33.
Kg4 Kh6 34. f4 gxf4 35. Kxf4 Kg6 36. Ke5 Kf7 37. Kd6 1-0

[Event "SR 3. liga A2 2012/2013"]
[Site "?"]
[Date "2013.02.10"]
[Round "8.6"]
[White "Dzurjaninova, Hana"]
[Black "Vegh, Vince"]
[Result "1-0"]
[WhiteElo "1592"]
[BlackElo "1932"]
[PlyCount "95"]
[EventDate "2012.??.??"]

1. e4 c5 2. Nf3 Nc6 3. d4 cxd4 4. Nxd4 e5 5. Nb3 Nf6 6. Nc3 Be7 7. Be2 O-O 8.
O-O a6 9. a4 b6 10. Be3 Bb7 11. f3 Nb4 12. a5 b5 13. Nc5 Qc7 14. Nd3 d5 15.
Nxb4 Bxb4 16. Nxd5 Nxd5 17. exd5 Rad8 18. Bb6 Bc5+ 19. Bxc5 Qxc5+ 20. Kh1 Rxd5
21. Bd3 Rfd8 22. Qe2 Rd4 23. Rfd1 f6 24. c3 R4d6 25. Bc2 Qc7 26. Qe1 g6 27. Qh4
Qxa5 28. Qh6 Rxd1+ 29. Rxd1 Rxd1+ 30. Bxd1 Qd8 31. Bb3+ Bd5 32. Qd2 Kg7 33.
Qxd5 Qc7 34. Qg8+ Kh6 35. Qe6 a5 36. Qxf6 b4 37. Qh4+ Kg7 38. Qe1 bxc3 39. Qxc3
Qb8 40. f4 Kf6 41. Qxe5+ Qxe5 42. fxe5+ Kxe5 43. Kg1 g5 44. Kf2 h6 45. Ke3 h5
46. Bd1 g4 47. h3 gxh3 48. gxh3 1-0

[Event "SR 3. liga A2 2012/2013"]
[Site "?"]
[Date "2013.02.10"]
[Round "8.6"]
[White "Fekete, Robert"]
[Black "Drahos, Miroslav"]
[Result "1/2-1/2"]
[WhiteElo "1897"]
[BlackElo "1652"]
[PlyCount "85"]
[EventDate "2012.??.??"]

1. e4 e5 2. Nf3 Nc6 3. Bc4 Nf6 4. Nc3 Bc5 5. d3 d6 6. Bg5 h6 7. Bh4 Bb4 8. h3
Be6 9. Bb3 Bxb3 10. axb3 Qe7 11. Nd2 Bxc3 12. bxc3 Qe6 13. Bg3 a6 14. f4 exf4
15. Bxf4 Nd5 16. O-O Nxc3 17. Qf3 Nd4 18. Qf2 Nde2+ 19. Kh1 Nxf4 20. Qxf4 O-O
21. Rae1 Qe5 22. Qe3 Nb5 23. Nf3 Qc5 24. Qc1 Qc3 25. Nh2 Rae8 26. Re3 Nd4 27.
Ng4 Re6 28. e5 Kh7 29. exd6 cxd6 30. Rxe6 Nxe6 31. Ne3 Qe5 32. Rf5 Qg3 33. Nc4
Ng5 34. Qf1 Re8 35. Rf2 d5 36. Nd2 f5 37. Re2 Rxe2 38. Qxe2 Kg6 39. Nf1 Qc7 40.
h4 Nh7 41. Qe6+ Nf6 42. h5+ Kg5 43. Ne3 1/2-1/2

[Event "SR 3. liga A2 2012/2013"]
[Site "?"]
[Date "2013.02.24"]
[Round "9.1"]
[White "Takacs, Laszlo"]
[Black "Spacek, Oliver"]
[Result "1-0"]
[WhiteElo "2134"]
[BlackElo "1977"]
[PlyCount "63"]
[EventDate "2012.??.??"]

1. e4 c5 2. Nf3 Nc6 3. d4 cxd4 4. Nxd4 e5 5. Nb5 a6 6. Nd6+ Bxd6 7. Qxd6 Qf6 8.
Qxf6 Nxf6 9. Nc3 d5 10. exd5 Nb4 11. Bd3 Nfxd5 12. Nxd5 Nxd5 13. O-O O-O 14.
Re1 Re8 15. f4 e4 16. Rxe4 Be6 17. Bd2 f5 18. Re5 g6 19. Rae1 Kf7 20. g4 fxg4
21. f5 gxf5 22. Bxf5 Bxf5 23. Rxf5+ Nf6 24. Ref1 Re6 25. Bc3 Kg6 26. Bxf6 Rf8
27. Rg5+ Kh6 28. Bg7+ Kxg5 29. Bxf8 g3 30. hxg3 Kg4 31. Kg2 h5 32. Rf4+ 1-0

[Event "SR 3. liga A2 2012/2013"]
[Site "?"]
[Date "2013.02.24"]
[Round "9.1"]
[White "Diviak, Rastislav"]
[Black "Darazs, Zoltan"]
[Result "1/2-1/2"]
[WhiteElo "2017"]
[BlackElo "2124"]
[PlyCount "93"]
[EventDate "2012.??.??"]

1. e4 e5 2. Nf3 Nc6 3. Bb5 a6 4. Ba4 Nf6 5. O-O Be7 6. Re1 b5 7. Bb3 O-O 8. c3
d5 9. exd5 Nxd5 10. Nxe5 Nxe5 11. Rxe5 c6 12. d4 Bd6 13. Re1 Qh4 14. g3 Qh3 15.
Be3 Bg4 16. Qd3 Rae8 17. Nd2 Re6 18. Qf1 Qh5 19. a4 f5 20. f4 Kh8 21. Bxd5 cxd5
22. axb5 axb5 23. Qg2 Rh6 24. Ra5 Rb8 25. Rea1 Qe8 26. Qf2 Re6 27. Re1 Qe7 28.
Nf3 Bxf3 29. Qxf3 Re4 30. Kf2 Qc7 31. Rea1 b4 32. Ra7 Qc8 33. Bd2 h6 34. Qh5
Qe6 35. R1a6 Re8 36. Ra8 Rxa8 37. Rxa8+ Kh7 38. Ra7 bxc3 39. Bxc3 Be7 40. Qf3
Bf6 41. Qd3 Qe8 42. h4 Qh5 43. Qf3 Qg6 44. Rd7 Bxd4+ 45. Bxd4 Rxd4 46. Rxd5 Rb4
47. Rd2 1/2-1/2

[Event "SR 3. liga A2 2012/2013"]
[Site "?"]
[Date "2013.02.24"]
[Round "9.1"]
[White "Nemeckay, Rastislav"]
[Black "Meszaros, Lorant"]
[Result "1-0"]
[WhiteElo "1980"]
[BlackElo "2048"]
[PlyCount "133"]
[EventDate "2012.??.??"]

1. e4 e5 2. Nf3 Nc6 3. Bb5 a6 4. Ba4 Nf6 5. O-O Be7 6. Re1 b5 7. Bb3 d6 8. c3
O-O 9. h3 Nd7 10. d4 Bf6 11. d5 Na5 12. Bc2 c5 13. Nbd2 Nb7 14. b3 Nb6 15. Nf1
Bd7 16. Ng3 g6 17. Bh6 Bg7 18. Qd2 a5 19. Nh2 Qh4 20. Bg5 Bh6 21. Bxh6 Qe7 22.
Bxf8 Rxf8 23. Nf3 Nd8 24. Rad1 f6 25. Qe3 Qg7 26. Kh2 h5 27. h4 Nf7 28. Bd3 Nh6
29. Qe2 b4 30. cxb4 axb4 31. Ra1 f5 32. exf5 gxf5 33. Ng5 Ng4+ 34. Kg1 e4 35.
Bc4 Qe5 36. Nf1 Nf6 37. Rad1 Be8 38. g3 Bg6 39. Ne6 Ra8 40. Rd2 Bf7 41. Nf4 Kh7
42. Ne3 Rg8 43. Kh1 Nbd7 44. Qd1 Ng4 45. Nxg4 Rxg4 46. Be2 Rxh4+ 47. gxh4 Qxf4
48. Rg1 Qxh4+ 49. Kg2 f4 50. Rh1 Qg5+ 51. Kf1 f3 52. Bxf3 exf3 53. Qxf3 Ne5 54.
Qe3 Qf5 55. f4 Bg6 56. Rg1 Kh6 57. Ke2 Ng4 58. Qf3 Be8 59. Rxg4 hxg4 60. Qe3
Bf7 61. Qd3 Qxf4 62. Qe3 Kg5 63. Rd1 c4 64. Qxf4+ Kxf4 65. Rf1+ Ke5 66. Rxf7
Kxd5 67. Rg7 1-0

[Event "SR 3. liga A2 2012/2013"]
[Site "?"]
[Date "2013.02.24"]
[Round "9.1"]
[White "Kalmar, Tamas"]
[Black "Diviak, Rudolf"]
[Result "1-0"]
[WhiteElo "1920"]
[BlackElo "1852"]
[PlyCount "219"]
[EventDate "2012.??.??"]

1. d4 Nf6 2. c4 g6 3. Nc3 Bg7 4. e4 d6 5. f3 O-O 6. Be3 Re8 7. Bd3 e5 8. Nge2
Nbd7 9. Qd2 exd4 10. Nxd4 Nc5 11. O-O Nxd3 12. Qxd3 a6 13. Rac1 Nd7 14. Nd5 Ne5
15. Qd2 c6 16. Nf4 Be6 17. Ndxe6 fxe6 18. Rfd1 Bf8 19. Nd3 Nf7 20. Nf2 Qc7 21.
Ng4 Bg7 22. Bf4 Ne5 23. Bxe5 Bxe5 24. Nxe5 dxe5 25. Qd7 Re7 26. Qxc7 Rxc7 27.
Rd6 Kf7 28. Rcd1 Re8 29. Kf2 Ke7 30. c5 Rb8 31. Ke3 g5 32. h3 h6 33. R1d3 Rf8
34. Kd2 Rb8 35. Kc3 h5 36. Kd2 Rg8 37. Ke2 Rf8 38. Rd1 Rb8 39. R6d3 Rf8 40. Kf2
Rg8 41. g4 h4 42. R1d2 Rb8 43. Ke2 Rf8 44. Kd1 Rg8 45. Kc2 Rgc8 46. Kb3 a5 47.
Kc4 Rf8 48. Ra3 Rd7 49. Rxd7+ Kxd7 50. Rd3+ Kc7 51. Kb3 b6 52. cxb6+ Kxb6 53.
Ka4 Kc7 54. a3 Kb6 55. Rb3+ Ka6 56. Rd3 Kb6 57. Kb3 Kc5 58. Kc3 a4 59. Kd2 Rb8
60. Rc3+ Kd6 61. Kc2 Kc7 62. b4 axb3+ 63. Rxb3 Ra8 64. Rd3 Rb8 65. a4 Ra8 66.
Ra3 Rf8 67. a5 Ra8 68. Kc3 Rb8 69. a6 Ra8 70. Ra5 Kb6 71. Rxe5 Rxa6 72. Kb3 Ra1
73. Rxe6 Rh1 74. Kc4 Rxh3 75. Rf6 Rg3 76. Kd4 Rg1 77. e5 Rd1+ 78. Kc4 Re1 79.
Kd4 Rd1+ 80. Kc4 Re1 81. Kd4 Kc7 82. Rg6 h3 83. Rh6 Rh1 84. Ke4 h2 85. Kf5 c5
86. Kxg5 c4 87. f4 Kd7 88. Kf6 c3 89. e6+ Kd6 90. Kf7 Re1 91. e7+ Kd7 92. Rxh2
Rxe7+ 93. Kf6 Re6+ 94. Kf5 Rc6 95. Rc2 Rc4 96. Ke5 Ke7 97. g5 Kf7 98. f5 Rc5+
99. Ke4 Rc4+ 100. Kd5 Rf4 101. Ke5 Rc4 102. g6+ Kg7 103. Ke6 Re4+ 104. Kd5 Rf4
105. Ke5 Rf3 106. Rh2 Re3+ 107. Kf4 Re7 108. Rh7+ Kf6 109. Rxe7 Kxe7 110. Ke3
1-0

[Event "SR 3. liga A2 2012/2013"]
[Site "?"]
[Date "2013.02.24"]
[Round "9.1"]
[White "Skapik, Branislav"]
[Black "Szitasi, Janos"]
[Result "0-1"]
[WhiteElo "1857"]
[BlackElo "1963"]
[PlyCount "52"]
[EventDate "2012.??.??"]

1. c4 c5 2. Nc3 Nc6 3. g3 g6 4. Bg2 Bg7 5. d3 Nf6 6. Nf3 O-O 7. O-O d6 8. Rb1
e6 9. Be3 Qe7 10. Qc1 Rd8 11. Bg5 d5 12. e4 d4 13. e5 dxc3 14. Qxc3 Nxe5 15.
Nxe5 h6 16. Be3 Ng4 17. d4 cxd4 18. Bxd4 Rxd4 19. Qxd4 Nxe5 20. Qe4 Nc6 21.
Rfd1 e5 22. Rbc1 Be6 23. Rd2 Rb8 24. Qe3 Nd4 25. Bd5 Bxd5 26. cxd5 Qd6 0-1

[Event "SR 3. liga A2 2012/2013"]
[Site "?"]
[Date "2013.02.24"]
[Round "9.1"]
[White "Vegh, Vince"]
[Black "Ocko, Martin"]
[Result "1-0"]
[WhiteElo "1932"]
[BlackElo "1661"]
[PlyCount "61"]
[EventDate "2012.??.??"]

1. e4 c5 2. Nf3 a6 3. d4 cxd4 4. Nxd4 Nf6 5. Nc3 e5 6. Nb3 Bb4 7. f3 O-O 8. Bg5
h6 9. Bh4 Qc7 10. Qd2 d5 11. exd5 Nxd5 12. Qxd5 Bxc3+ 13. bxc3 Qxc3+ 14. Qd2
Qc7 15. Bd3 Nc6 16. O-O b5 17. Rac1 Be6 18. c4 b4 19. Nc5 Rfe8 20. Be4 a5 21.
Nxe6 Rxe6 22. Rfd1 Rb8 23. Bxc6 Rxc6 24. Qd7 a4 25. Qxc7 Rxc7 26. Rd8+ Rxd8 27.
Bxd8 Ra7 28. Bb6 Ra6 29. c5 b3 30. axb3 axb3 31. Rb1 1-0

[Event "SR 3. liga A2 2012/2013"]
[Site "?"]
[Date "2013.02.24"]
[Round "9.1"]
[White "Pipiska, Adam"]
[Black "Both, Lajos"]
[Result "0-1"]
[WhiteElo "1674"]
[BlackElo "1820"]
[PlyCount "98"]
[EventDate "2012.??.??"]

1. e4 c5 2. Nf3 Nc6 3. d4 cxd4 4. Nxd4 Nf6 5. Nc3 e5 6. Ndb5 d6 7. Bg5 a6 8.
Bxf6 gxf6 9. Na3 b5 10. Nd5 Bg7 11. c4 b4 12. Nc2 a5 13. g3 Ne7 14. Bg2 O-O 15.
Nce3 Nxd5 16. Nxd5 Be6 17. O-O Rc8 18. b3 f5 19. Qd2 fxe4 20. Bxe4 f5 21. Bg2
e4 22. Rad1 Be5 23. f4 Bg7 24. Qf2 Rc5 25. Ne3 Qc7 26. Qd2 Rd8 27. g4 fxg4 28.
f5 Bc3 29. Qe2 Bf7 30. Qxg4+ Kh8 31. Qxe4 Re5 32. Qf4 Qc5 33. Rd3 Rde8 34. Rf3
Re4 35. Qh6 Bg7 36. Qh3 Bd4 37. Kf2 Qe5 38. Qh6 Bxe3+ 39. Rdxe3 Qb2+ 40. Kf1
Qc1+ 41. Ke2 Qc2+ 42. Ke1 Qxg2 43. Rg3 Rxe3+ 44. Rxe3 Qg1+ 45. Kd2 Qf2+ 46. Kd3
Qxf5+ 47. Kd2 Qf2+ 48. Kd3 Bg6+ 49. Kd4 Qd2+ 0-1

[Event "SR 3. liga A2 2012/2013"]
[Site "?"]
[Date "2013.02.24"]
[Round "9.2"]
[White "Abel, Peter"]
[Black "Svoboda, Adam"]
[Result "1-0"]
[WhiteElo "2194"]
[BlackElo "1958"]
[PlyCount "87"]
[EventDate "2012.??.??"]

1. c4 c6 2. Nf3 Nf6 3. g3 d5 4. b3 Bf5 5. Bg2 e6 6. O-O Be7 7. d3 O-O 8. Bb2
Nbd7 9. Nbd2 Bg6 10. h3 Qb6 11. Nh4 Nh5 12. Nxg6 hxg6 13. d4 Rad8 14. c5 Qc7
15. Nf3 Rfe8 16. b4 Nhf6 17. Ng5 e5 18. e3 Nh7 19. Nxh7 Kxh7 20. a4 exd4 21.
exd4 Bf6 22. Qd3 Nf8 23. Bc3 Re7 24. Bf3 Kg8 25. h4 Rde8 26. Kg2 Ne6 27. Rh1 b6
28. Rad1 bxc5 29. dxc5 Bxc3 30. Qxc3 Nf8 31. b5 Re5 32. Qb4 Rb8 33. Rb1 a5 34.
Qc3 cxb5 35. Rxb5 Rxb5 36. axb5 d4 37. Qxd4 Rxc5 38. Rb1 Ne6 39. Qe4 Qb6 40.
Qa8+ Kh7 41. Qa6 Qb8 42. b6 Re5 43. Qa8 Qxa8 44. Bxa8 1-0

[Event "SR 3. liga A2 2012/2013"]
[Site "?"]
[Date "2013.02.24"]
[Round "9.2"]
[White "Lukacovic, Miroslav"]
[Black "Bincik, Pavol"]
[Result "1/2-1/2"]
[WhiteElo "1997"]
[BlackElo "1937"]
[PlyCount "105"]
[EventDate "2012.??.??"]

1. d4 c6 2. c4 d5 3. Nc3 Nf6 4. Nf3 dxc4 5. a4 Bf5 6. e3 e6 7. Bxc4 Bb4 8. Bd2
O-O 9. O-O Nbd7 10. Re1 Rc8 11. Qb3 a5 12. Nb1 c5 13. Bxb4 cxb4 14. Nbd2 Nb6
15. Rac1 Qe7 16. Bb5 Ne4 17. Nxe4 Bxe4 18. Nd2 Bd5 19. Qd3 f5 20. Nc4 Nxc4 21.
Bxc4 Qd7 22. Bb5 Qd6 23. Qd2 Rfd8 24. Rxc8 Rxc8 25. Rc1 Rc7 26. Bd3 Bb3 27. Bb5
Bd5 28. f3 Qd8 29. Kf2 Qc8 30. Rxc7 Qxc7 31. g3 Bb3 32. e4 Qc2 33. Qxc2 Bxc2
34. Bc4 Kf7 35. exf5 Bxf5 36. Ke3 Bc2 37. b3 Kf6 38. f4 Ke7 39. g4 h6 40. h4
Kd6 41. g5 b6 42. Kd2 Be4 43. Ke3 Bc2 44. Kf3 Bd1+ 45. Kf2 Bc2 46. Ke2 Be4 47.
Kd2 Bf3 48. Bd3 Kd5 49. Ke3 Bd1 50. Bc4+ Kd6 51. Kd3 Bf3 52. Kc2 Be4+ 53. Kd2
1/2-1/2

[Event "SR 3. liga A2 2012/2013"]
[Site "?"]
[Date "2013.02.24"]
[Round "9.2"]
[White "Mihalik, Anton"]
[Black "Kolenak, Matus"]
[Result "0-1"]
[WhiteElo "1953"]
[BlackElo "1916"]
[PlyCount "106"]
[EventDate "2012.??.??"]

1. c4 Nf6 2. Nc3 c5 3. Nf3 Nc6 4. d4 cxd4 5. Nxd4 d6 6. g3 g6 7. Bg2 Bd7 8. O-O
Bg7 9. h3 O-O 10. e4 Rc8 11. Nde2 Ne5 12. b3 Bc6 13. Be3 Qa5 14. Qd2 Rfe8 15.
Rac1 a6 16. f4 Ned7 17. Nd4 Nc5 18. Nxc6 bxc6 19. Qf2 Nd3 20. Qc2 Nxc1 21. Rxc1
Nd7 22. Ne2 Qb4 23. Kh2 Red8 24. Qd3 Nc5 25. Qc2 Nd7 26. Qd3 Qa3 27. Qc2 c5 28.
Rb1 Qb4 29. Bd2 Qb6 30. f5 Be5 31. Bc3 Nb8 32. Qd2 Nc6 33. h4 e6 34. f6 Bxc3
35. Nxc3 Ne5 36. Kh3 Kh8 37. Rf1 Rg8 38. g4 Qb4 39. Qe3 g5 40. hxg5 Rg6 41. Bf3
Rcg8 42. Ne2 Rxg5 43. Rg1 Nd7 44. Qd3 Qb8 45. Qc3 Qf8 46. Kg2 Qh6 47. Rh1 Qxf6
48. Qe3 Ne5 49. Rh4 Nxg4 50. Bxg4 Rxg4+ 51. Rxg4 Rxg4+ 52. Ng3 Qg7 53. a3 a5
0-1

[Event "SR 3. liga A2 2012/2013"]
[Site "?"]
[Date "2013.02.24"]
[Round "9.2"]
[White "Hagara, Vladimir"]
[Black "Nemsak, Denis"]
[Result "0-1"]
[WhiteElo "1909"]
[BlackElo "1873"]
[PlyCount "56"]
[EventDate "2012.??.??"]

1. d4 f5 2. g3 g6 3. Bg2 Bg7 4. Nf3 Nf6 5. c4 O-O 6. Nc3 d6 7. O-O Qe8 8. Qc2
Na6 9. a3 c5 10. d5 Nc7 11. Bf4 Bd7 12. e4 fxe4 13. Ng5 Nh5 14. Be3 b5 15. b3
Rb8 16. Rab1 h6 17. Ngxe4 g5 18. h3 Nf4 19. g4 Qf7 20. f3 Be5 21. Ne2 bxc4 22.
bxc4 Ba4 23. Qd2 Rxb1 24. Rxb1 Nxg2 25. Nxg5 hxg5 26. Bxg5 Qxf3 27. Bh6 Qf2+
28. Kh1 Ne3 0-1